00282nam a2200109Ia 4500008004100000041000800041082001500049100001300064245006700077260002100144365000700165230303s9999 xx 000 0 und d aeng a621.31 GAR aGARG G.C aUtilization of Electric Power and Traction Pub. New Delhi N.D. aNew DelhibKHANA cRS